Southville International School and Colleges
Your cart is empty.
  • Cart
  • Lists
    Public lists Eva Luna New books Lux_list list_1
    Your lists Log in to create your own lists
  • Log in to your account
  • Your cookies
  • Search history
Southville International School and Colleges
  • Advanced search
  • Recent comments
  • Most popular
  • Libraries

Log in to your account

Log in with GOOGLE


If you do not have an external account, but do have a local account, you can still log in:

  1. Home
  2. MARC view: The Gentle Grafter
Normal view MARC view ISBD view

The Gentle Grafter (Record no. 231148)

[ view plain ]
MARC details
000 -LEADER
fixed length control field 01114cam a22002773a 4500
001 - CONTROL NUMBER
control field 1805
003 - CONTROL NUMBER IDENTIFIER
control field PGUSA
005 - DATE AND TIME OF LATEST TRANSACTION
control field 20140828083006.0
008 - FIXED-LENGTH DATA ELEMENTS--GENERAL INFORMATION
fixed length control field 990701s1999||||xxu|||||s|||||000 1 eng d
040 ## - CATALOGING SOURCE
Original cataloging agency PGUSA
Language of cataloging eng
042 ## - AUTHENTICATION CODE
Authentication code dc
050 #4 - LIBRARY OF CONGRESS CALL NUMBER
Classification number PS
100 1# - MAIN ENTRY--PERSONAL NAME
Personal name Henry, O.,
Dates associated with a name 1862-1910
245 14 - TITLE STATEMENT
Title The Gentle Grafter
Medium [electronic resource] /
Statement of responsibility, etc O. Henry
260 ## - PUBLICATION, DISTRIBUTION, ETC. (IMPRINT)
Name of publisher, distributor, etc Project Gutenberg,
Date of publication, distribution, etc 1999
505 0# - FORMATTED CONTENTS NOTE
Formatted contents note The octopus marooned -- Jeff Peters as a personal magnet -- Modern rural sports -- The chair of philanthromathematics -- The hand that riles the world -- The exact science of matrimony -- A midsummer masquerade -- Shearing the wolf -- Innocents of Broadway -- Conscience in art -- The man higher up -- A tempered wind -- Hostages to Momus -- The ethics of pig.
506 ## - RESTRICTIONS ON ACCESS NOTE
Terms governing access Public domain in the USA.
516 ## - TYPE OF COMPUTER FILE OR DATA NOTE
Type of computer file or data note Electronic text
653 ## - INDEX TERM--UNCONTROLLED
Uncontrolled term Humorous stories, American
653 ## - INDEX TERM--UNCONTROLLED
Uncontrolled term Fiction
700 1# - ADDED ENTRY--PERSONAL NAME
Personal name Greening, Harry Cornell,
Dates associated with a name 1876-
700 1# - ADDED ENTRY--PERSONAL NAME
Personal name Preston, May Wilson,
Dates associated with a name 1873-1949
830 #0 - SERIES ADDED ENTRY--UNIFORM TITLE
Uniform title Project Gutenberg
Volume number/sequential designation 1805
856 40 - ELECTRONIC LOCATION AND ACCESS
Uniform Resource Identifier <a href="http://www.gutenberg.org/ebooks/1805">http://www.gutenberg.org/ebooks/1805</a>
942 ## - ADDED ENTRY ELEMENTS (KOHA)
Koha item type eBooks
Holdings
Withdrawn status Lost status Damaged status Home library Current library Date acquired Total Checkouts Date last seen Price effective from Koha item type
      Project Gutenberg Project Gutenberg 08/28/2014   08/28/2014 08/28/2014 eBooks

The Gentle Grafter

APA

Henry O., Greening H. C. & Preston M. W. (1999). The Gentle Grafter. : Project Gutenberg.

Chicago

Henry O, Greening Harry Cornell and Preston May Wilson. 1999. The Gentle Grafter. : Project Gutenberg.

Harvard

Henry O., Greening H. C. and Preston M. W. (1999). The Gentle Grafter. : Project Gutenberg.

MLA

Henry O, Greening Harry Cornell and Preston May Wilson. The Gentle Grafter. : Project Gutenberg. 1999.

  • Place hold
  • Print
  • Cite
  • Add to your cart (remove)
  • Save record
    BIBTEX Dublin Core MARCXML MARC (non-Unicode/MARC-8) MARC (Unicode/UTF-8) MARC (Unicode/UTF-8, Standard) MODS (XML) RIS
  • More searches
    Search for this title in:
    Other Libraries (WorldCat) Other Databases (Google Scholar) Online Stores (Bookfinder.com) Open Library (openlibrary.org)

Exporting to Dublin Core...

SOUTHVILLE LIBRARY

Southville International School and Colleges Library

1281 Tropical Ave. Cor. Luxembourg St., BF Homes International, Las Pinas City

Tel. No. 8256374 / 252358 Loc. 117/146

Powered by Koha